Catálogo
 En Linea

Derechos humanos : (Registro nro. 50230)

Detalles MARC
000 -CABECERA
campo de control de longitud fija 01529nam a22002777a 4500
003 - IDENTIFICADOR DEL NÚMERO DE CONTROL
campo de control DO-SdBNP
005 - FECHA Y HORA DE LA ÚLTIMA TRANSACCIÓN
campo de control 20240229073823.0
008 - DATOS DE LONGITUD FIJA--INFORMACIÓN GENERAL
campo de control de longitud fija 210820b ||||| |||| 00| 0 eng d
040 ## - FUENTE DE LA CATALOGACIÓN
Centro catalogador/agencia de origen DO-SdBNP
Lengua de catalogación spa
Centro/agencia transcriptor BNPHU
082 #4 - NÚMERO DE LA CLASIFICACIÓN DECIMAL DEWEY
Número de clasificación 341.48
Número de documento/Ítem R426d
Número de edición 22
110 ## - ENTRADA PRINCIPAL--NOMBRE DE ENTIDAD CORPORATIVA
Nombre de entidad corporativa o nombre de jurisdicción como elemento de entrada República Dominicana.
Unidad subordinada Secretaría de Estado de Relaciones Exteriores,
9 (RLIN) 2256
245 10 - MENCIÓN DE TÍTULO
Título Derechos humanos :
Resto del título recopilación de tratados, leyes, decretos, reglamentos y resoluciones vigentes en la República Dominicana /
Mención de responsabilidad, etc. prólogo, Jorge A. Subero Isa ; edición, Ana E. Martínez.
250 ## - MENCIÓN DE EDICIÓN
Mención de edición 2a. ed.
260 ## - PUBLICACIÓN, DISTRIBUCIÓN, ETC.
Lugar de publicación, distribución, etc. Santo Domingo :
Nombre del editor, distribuidor, etc. Secretaría de Estado de Relaciones Exteriores,
Fecha de publicación, distribución, etc. 2000.
300 ## - DESCRIPCIÓN FÍSICA
Extensión 870 p. ;
Dimensiones 23 cm.
500 ## - NOTA GENERAL
Nota general Incluye índice cronológico.
504 ## - NOTA DE BIBLIOGRAFÍA, ETC.
Nota de bibliografía, etc. Incluye refencias bibliográficas y notas al pie de páginas.
505 ## - NOTA DE CONTENIDO CON FORMATO
Nota de contenido con formato Organización de las Naciones Unidas -ONU- 19|Organización de los Estados Americanos -OEA- 239|Organización Internacional del Trabajo -OIT- 387|Constitución de la República Dominicana 485|Materia judicial 493|Viviendas y reforma agraria 567|Seguro social, pensiones y jubilaciones 599|Trabajo 637|Menores 711|Educación 733|Varios 805
590 ## - NOTA LOCAL (RLIN)
Nota local Inventariado, 2021 / DG
650 4# - PUNTO DE ACCESO ADICIONAL DE MATERIA--TÉRMINO DE MATERIA
Término de materia o nombre geográfico como elemento de entrada Derechos humanos
Subdivisión general Legislación
Subdivisión geográfica República Dominicana
9 (RLIN) 67937
650 4# - PUNTO DE ACCESO ADICIONAL DE MATERIA--TÉRMINO DE MATERIA
Término de materia o nombre geográfico como elemento de entrada Derechos civiles
Subdivisión general Legislación
Subdivisión geográfica República Dominicana
9 (RLIN) 67938
700 1# - PUNTO DE ACCESO ADICIONAL--NOMBRE DE PERSONA
Nombre de persona Subero Isa, Jorge A.,
Fechas asociadas al nombre 1947-
Término indicativo de función/relación pról.
9 (RLIN) 76863
700 ## - PUNTO DE ACCESO ADICIONAL--NOMBRE DE PERSONA
Nombre de persona Martínez, Ana E.,
Término indicativo de función/relación ed.
9 (RLIN) 2505
910 ## - DATOS DE OPCIÓN DEL USUARIO (OCLC)
Datos de opción del usuario Vlidado control de calidad MFF
942 ## - ELEMENTOS DE PUNTO DE ACCESO ADICIONAL (KOHA)
Fuente del sistema de clasificación o colocación Dewey Decimal Classification
Tipo de ítem Koha Libro
Existencias
Estado de retiro Estado de pérdida Fuente del sistema de clasificación o colocación Restricciones de uso No para préstamo Código de colección Localización permanente Ubicación/localización actual Ubicación en estantería Fecha de adquisición Total de préstamos Signatura topográfica completa Código de barras Fecha visto por última vez Precio válido a partir de Tipo de ítem Koha
    Dewey Decimal Classification Excluido de préstamo Excluido de préstamo Monografías: Libros y Folletos Biblioteca Nacional Pedro Henríquez Ureña Patrimonio Dominicano Depósito 20.08.2021   BNPHU PD 341.48 R426d 2000 2021-25548 20.08.2021 20.08.2021 Libro

Con tecnología Koha